LEADER 00708nam a2200181 i 4500 001 000000030171 003 CaOOAMICUS 005 20250701142625.0 008 180830s1987 it u000 u ita u 040 $aSeMil$bita 245 12$aL'Italia dei lumi. 300 $av. 700 1 $aVenturi, Franco,$d<1914-1994>.$0(OLS)http://semarc/name/1350 773 0 $aVenturi, Franco <1914-1994>$tSettecento riformatore.$dTorino : Giulio Einaudi, 1969-1990.$w()1498 774 0 $t1764-1790.$kBiblioteca di cultura storica$z88-06-59834-1$gTomo1$w()231243 774 0 $t1761-1797.$kBiblioteca di cultura storica$z88-06-11657-6$gTomo2$w()231244 996 $6245$aL'Italia dei lumi$9(OLS)http://semarc/title/41040 LEADER 01240nam a2200277 i 4500 001 000000188889 003 CaOOAMICUS 005 20151028000000.0 008 151028s2011 it u000 u ita u 013 $a167124 020 $a978-88-399-1689-1 040 $aSeMil$bita 100 1 $aGrün, Anselm,$c.$0(OLS)http://semarc/name/91193 240 14$aDer Verwandlung trauen : wie unser Leben heil wird.$0(OLS)http://semarc/title/271923 245 10$aConfidare nella trasformazione :$bcome la nostra vita diventa integra /$cAnselm Grün. 260 $aBrescia :$bQueriniana,$c2011. 300 $a130 p. ;$c20 cm. 490 0 $aSpiritualità ;$v144 650 4$aTrasformazione - Concezione cristiana.$0(OLS)http://semarc/subject/35546 830 0$aSpiritualità ;$v144.$0(OLS)http://semarc/title/5897 850 $aSeMil 852 $aSeMil$W1$xVenegono$y1$m3F II 616$j139526$B139526$CSeMilBibl$Z2$F151149 $81 961 $aOmaggio: Martinelli don Romano 996 $6020$a978-88-399-1689-1$9(OLS)http://semarc/number/179551 996 $6245$aConfidare nella trasformazione :$bcome la nostra vita diventa integra$9(OLS)http://semarc/title/271922 996 $6260$aBrescia :$bQueriniana$9(OLS)http://semarc/publisher/29615